Vista normal
Vista MARC
Entrada Nombre corporativo
Número de registros utilizados en: 2
001 - NÚMERO DE CONTROL
- Campo de control: 2590
003 - IDENTIFICADOR DE NÚMERO DE CONTROL
- Campo de control: ES-MaCES
005 - FECHA Y HORA DE LA ULTIMA MODIFICACION
- Campo de control: 20170613141613.0
008 - ELEMENTOS DE DATOS DE LONGITUD FIJA
- Campo de longitud fija: 090114 | azznnaabn || ana d
035 ## - NÚMERO DE CONTROL DEL SISTEMA
- Número de control del sistema: CES20090000033e
040 ## - FUENTE DE LA CATALOGACIÓN
- Agencia original de catalogación: ES-MaCES
- Idioma de catalogación: spa
- Agencia de transcripción: ES-MaCES
110 2# - ENCABEZAMIENTO--NOMBRE CORPORATIVO
- Nombre corporativo o de jurisdicción como elemento de entrada: Cuatrecasas
410 2# - TRAZADO VEÁSE--NOMBRE CORPORATIVO
- Nombre corporativo o de jurisdicción como elemento de entrada: Cuatrecasas, Gonçalves Pereira
670 ## - FUENTE DE DATOS ENCONTRADOS
- Fuente de citación: www.cuatrecasas.com ; el CD del CES normaliza según Rebiun
- Información encontrada: : es uno de los bufetes referentes el marco jurídico internacional en lo relativo a España y Portugal. La firma es consecuencias de la fusión en 2003 de dos de los mayores y reputados despachos de la Península Ibérica, Cuatrecasas y Concálves Pereira, Castelo Branco
901 ## - CES. DATOS SIRTEX
- ID Sirtex (N5N8): 0001800007164
- 005BIS Sirtex: 200901141351ALORITE

